<?xml version="1.0" encoding="UTF-8"?>
<record
    xmlns:xsi="http://www.w3.org/2001/XMLSchema-instance"
    xsi:schemaLocation="http://www.loc.gov/MARC21/slim http://www.loc.gov/standards/marcxml/schema/MARC21slim.xsd"
    xmlns="http://www.loc.gov/MARC21/slim">

  <leader>01813nam a2200397   4500</leader>
  <controlfield tag="003">OSt</controlfield>
  <controlfield tag="005">20260601193401.0</controlfield>
  <controlfield tag="008">260421b2013    mx a|||| |||| 00| 0 spa d</controlfield>
  <datafield tag="020" ind1=" " ind2=" ">
    <subfield code="a">9786074172584</subfield>
  </datafield>
  <datafield tag="040" ind1=" " ind2=" ">
    <subfield code="a">ICI</subfield>
    <subfield code="b">spa</subfield>
    <subfield code="c">ICI</subfield>
  </datafield>
  <datafield tag="041" ind1=" " ind2=" ">
    <subfield code="a">spa</subfield>
  </datafield>
  <datafield tag="041" ind1=" " ind2=" ">
    <subfield code="a">eng</subfield>
  </datafield>
  <datafield tag="050" ind1=" " ind2=" ">
    <subfield code="a">NA759.A683</subfield>
    <subfield code="b">D53</subfield>
  </datafield>
  <datafield tag="100" ind1=" " ind2="1">
    <subfield code="a"> Cruz Gonz&#xE1;lez Franco, Lourdes</subfield>
    <subfield code="9">34994</subfield>
  </datafield>
  <datafield tag="245" ind1=" " ind2="1">
    <subfield code="a">Los dibujos del taller de Augusto H. &#xC1;lvarez</subfield>
    <subfield code="c"> Lourdes Cruz Gonz&#xE1;lez Franco, Alejandro Aguilera Gonz&#xE1;lez ; con dibujos de: Carlos Alvarado, Augusto H. &#xC1;lvarez, Augusto F. &#xC1;lvarez, Vito Ascencio, Jorge Flores, Luis Guerrero, Francisco Javier Marv&#xE1;n, H&#xE9;ctor Meza, Joaqu&#xED;n Palacios, Octavio S&#xE1;nchez</subfield>
  </datafield>
  <datafield tag="264" ind1=" " ind2=" ">
    <subfield code="b">Universidad Iberoamericana, Ciudad de M&#xE9;xico, Departamento de Arquitectura </subfield>
    <subfield code="b">Universidad Nacional Aut&#xF3;noma de M&#xE9;xico, Facultad de Arquitectura</subfield>
    <subfield code="c">2013</subfield>
    <subfield code="a">M&#xE9;xico, D.F.</subfield>
  </datafield>
  <datafield tag="300" ind1=" " ind2=" ">
    <subfield code="a">139 p&#xE1;ginas</subfield>
    <subfield code="b"> ilustraciones</subfield>
  </datafield>
  <datafield tag="336" ind1=" " ind2=" ">
    <subfield code="a">texto</subfield>
    <subfield code="2">rdacontent</subfield>
  </datafield>
  <datafield tag="337" ind1=" " ind2=" ">
    <subfield code="a">sin medio</subfield>
    <subfield code="2">rdamedia</subfield>
  </datafield>
  <datafield tag="338" ind1=" " ind2=" ">
    <subfield code="a">volumen</subfield>
    <subfield code="2">rdacarrier</subfield>
  </datafield>
  <datafield tag="500" ind1=" " ind2=" ">
    <subfield code="a">Texto en espa&#xF1;ol</subfield>
  </datafield>
  <datafield tag="600" ind1=" " ind2="1">
    <subfield code="a">&#xC1;lvarez, Augusto H.</subfield>
    <subfield code="d"> 1914-1995</subfield>
    <subfield code="x"> Archivos</subfield>
    <subfield code="9">34995</subfield>
  </datafield>
  <datafield tag="650" ind1=" " ind2=" ">
    <subfield code="a">Dibujo arquitect&#xF3;nico </subfield>
    <subfield code="x">Historia </subfield>
    <subfield code="y">Siglo XX</subfield>
    <subfield code="z">M&#xE9;xico |</subfield>
    <subfield code="9">34996</subfield>
  </datafield>
  <datafield tag="700" ind1=" " ind2=" ">
    <subfield code="a">Aguilera Gonz&#xE1;lez, Alejandro</subfield>
    <subfield code="e">autor</subfield>
    <subfield code="9">34997</subfield>
  </datafield>
  <datafield tag="700" ind1=" " ind2=" ">
    <subfield code="a">Alvarado, Carlos</subfield>
    <subfield code="e"> ilustrador</subfield>
    <subfield code="9">34998</subfield>
  </datafield>
  <datafield tag="700" ind1=" " ind2=" ">
    <subfield code="a">&#xC1;lvarez, Augusto H.</subfield>
    <subfield code="d">1914-1995,</subfield>
    <subfield code="e"> ilustrador</subfield>
    <subfield code="9">34999</subfield>
  </datafield>
  <datafield tag="700" ind1=" " ind2=" ">
    <subfield code="a">&#xC1;lvarez, Augusto F.</subfield>
    <subfield code="e"> ilustrador</subfield>
    <subfield code="9">35000</subfield>
  </datafield>
  <datafield tag="700" ind1=" " ind2=" ">
    <subfield code="a"> Ascencio, Vito</subfield>
    <subfield code="e"> ilustrador</subfield>
    <subfield code="9">35001</subfield>
  </datafield>
  <datafield tag="700" ind1=" " ind2=" ">
    <subfield code="a"> Flores, Jorge</subfield>
    <subfield code="e"> ilustrador</subfield>
    <subfield code="9">35002</subfield>
  </datafield>
  <datafield tag="700" ind1=" " ind2=" ">
    <subfield code="a">Guerrero, Luis</subfield>
    <subfield code="e">ilustrador</subfield>
    <subfield code="9">35003</subfield>
  </datafield>
  <datafield tag="700" ind1=" " ind2=" ">
    <subfield code="a">Javier Marv&#xE1;n, Francisco</subfield>
    <subfield code="e"> ilustrador</subfield>
    <subfield code="9">35004</subfield>
  </datafield>
  <datafield tag="700" ind1=" " ind2=" ">
    <subfield code="a"> Meza, H&#xE9;ctor</subfield>
    <subfield code="e"> ilustrador</subfield>
    <subfield code="9">35005</subfield>
  </datafield>
  <datafield tag="700" ind1=" " ind2=" ">
    <subfield code="a"> Palacios, Joaqu&#xED;n</subfield>
    <subfield code="e"> ilustrador</subfield>
    <subfield code="9">35006</subfield>
  </datafield>
  <datafield tag="700" ind1=" " ind2=" ">
    <subfield code="a">S&#xE1;nchez, Octavio</subfield>
    <subfield code="e"> ilustrador</subfield>
    <subfield code="9">35007</subfield>
  </datafield>
  <datafield tag="942" ind1=" " ind2=" ">
    <subfield code="2">ddc</subfield>
    <subfield code="c">B</subfield>
  </datafield>
  <datafield tag="999" ind1=" " ind2=" ">
    <subfield code="c">20993</subfield>
    <subfield code="d">20993</subfield>
  </datafield>
  <datafield tag="952" ind1=" " ind2=" ">
    <subfield code="0">0</subfield>
    <subfield code="1">0</subfield>
    <subfield code="2">lcc</subfield>
    <subfield code="4">0</subfield>
    <subfield code="7">0</subfield>
    <subfield code="a">BDIMFM</subfield>
    <subfield code="b">BDIMFM</subfield>
    <subfield code="d">2026-04-22</subfield>
    <subfield code="l">0</subfield>
    <subfield code="o">NA759.A683 D53</subfield>
    <subfield code="p">BDIMFM000542</subfield>
    <subfield code="r">2026-04-22 00:13:00</subfield>
    <subfield code="t">Ej.1</subfield>
    <subfield code="w">2026-04-22</subfield>
    <subfield code="y">B</subfield>
  </datafield>
</record>
